| 000 | 00724nmc a2200265 a 4500 | ||
|---|---|---|---|
| 003 | AR-BaBNM | ||
| 005 | 20251128205113.0 | ||
| 008 | 136019s1983 ||||||||||||||000 | spa|| | ||
| 020 | _a950-25-0003-2 | ||
| 040 | _cAR-BaBNM | ||
| 100 | 1 | _aOddone, Jacinto | |
| 245 | 1 | 0 |
_aHistoria del socialismo argentino _b1896-1911 _n1 |
| 260 |
_aBuenos Aires _bCentro Editor de América Latina _c1983 |
||
| 300 | _a159 p. | ||
| 490 | 0 |
_aBiblioteca política argentina _vv. 4 |
|
| 650 | 4 | _aPOLITICA | |
| 650 | 4 | _aPARTIDOS POLITICOS ARGENTINOS | |
| 650 | 4 | _aHISTORIA POLITICA | |
| 650 | 4 | _aSOCIALISMO | |
| 650 | 4 | _aSOCIALISMO | |
| 651 | 4 | _aArgentina | |
| 800 | 1 |
_aTroncoso, Oscar _edirector |
|
| 942 | _cBK | ||
| 998 | _cEnrique | ||
| 999 |
_c10004 _d10004 |
||